000 00442nam a2200181Ia 4500
999 _c17122
_d17122
003 0100
005 20190710114435.0
008 130303s9999 xx 000 0 und d
040 _cARRUPELIB
050 _aHD1333.Z55L362000
245 _aLand reform in Zimbabwe
245 _bconstraints and prospects
260 _aBurlington
_bAldershot
_c2000
300 _a206p.23cm
650 _bZimbabwe
_xEconomic conditions
_z1980
_946856
650 _bZimbabwe
_apolitics and government
_y1980
_946857
700 _aedited by T.A.S.Bowyer-Bower
_946858
942 _2lcc
_cMONOGRAPH